الاسلام في الصين / (Record no. 14460)
[ view plain ]
| 000 -الفاتح | |
|---|---|
| حقل البيانات ثابتة الطول | 00934nam a22001817a 4500 |
| 008 - عناصر البيانات ثابتة الطول - معلومات عامة | |
| حقل البيانات ثابتة الطول | 100712s1991 xxu||||| |||| 00| 0 ara d |
| 020 ## - الرقم الدولى المعيارى للكتب | |
| الرقم الدولى المعيارى للكتاب | 7119013092 |
| 082 ## - رقم تصنيف ديوى العشرى | |
| رقم الطبعة | 22 |
| رقم التصنيف | 210.951 |
| رقم المادة | ي و ا |
| 100 1# - المدخل الرئيسى - إسم شخصى | |
| 9 (RLIN) | 16188 |
| الإسم الشخصى | يوان ، ابراهيم فنغ جين |
| 245 ## - بيان العنوان | |
| العنوان | الاسلام في الصين / |
| بيان المسئوليه,etc | ابراهيم فنغ جين يوان ؛ تعريب محمود يوسف لي هواين |
| 260 ## - PUBLICATION, DISTRIBUTION, ETC. (IMPRINT) | |
| مكان الناشر او الموزع | بكين : |
| اسم الناشر او الموزع | دارالنشر باللغات الاجنبية ،1991 |
| تاريخ النشر أو التوزيع | 1991. |
| 300 ## - الوصف المادى | |
| التعداد | 249 ص : |
| تفاصيل ماديه اخرى للوعاء | خرائط ؛ |
| أبعاد الوعاء | 19 سم. |
| 541 ## - تبصرة المصدر المباشر للتزويد | |
| مصدر التزويد | دكتور علاء عبد الغني ؛ |
| طريقة التزويد | إهداء ؛ |
| 650 ## - المدخل الاضافى بالموضوع-مصطلح موضوعى | |
| 9 (RLIN) | 16190 |
| مصطلح موضوعي أو اسم جغرافي كعنصر مدخل | الاسلام |
| التقسيم الفرعي الجغرافي | الصين |
| 700 ## - المدخل الاضافى - اسم شخصى | |
| 9 (RLIN) | 16191 |
| الإسم الشخصى | هواين ، محمود يوسف لي |
| الدور | تعريب |
| 942 ## - عناصر المدخل الإضافي( كوها) | |
| مصدر التصنيف او مخطط الترفيف | Dewey Decimal Classification |
| Koha [default] item type | Book - Borrowing |
| حالة التراجع | حالة الفقد | مصدر التصنيف او خطة الترفيف | حالة تلف | ليس للاعارة | مجموعات كوها | المكان الدائم | المكان الحالي | موقع الترفيف | تاريخ الاكتساب | Source of acquisition | رقم الاستدعاء | الباركود | Date last seen | مُعار | نوع الوعاء |
|---|---|---|---|---|---|---|---|---|---|---|---|---|---|---|---|
| Dewey Decimal Classification | Donation-Gift | Central Library | Central Library | Lower Floor | 12/07/2010 | Donation | 210.951 ي و ا | 000021041 | 11/02/2026 | 04/02/2026 | Book - Borrowing |